| 000 | 00656nam a2200205 a 4500 | ||
|---|---|---|---|
| 001 | BRL_1781 | ||
| 005 | 20190320211351.0 | ||
| 008 | 300715s1976----mx-a######---#000-0#spa-# | ||
| 041 | _aspa | ||
| 044 | _amx | ||
| 050 | 4 |
_aGN302 _b.M47 1976 |
|
| 245 | 1 | 0 | _aPrimera mesa redonda sobre problemas antropológicos de la Sierra Norte del Estado de Puebla |
| 260 |
_aCuetzalan, Puebla _bCentro de Estudios Históricos de la Sierra Norte del Estado de Puebla _c1976 |
||
| 300 |
_a[44 p.] _bil. _c21 cm. |
||
| 500 | _aAu1982 | ||
| 504 | _aBibliografía: p. 28 y 37 | ||
| 650 | 1 | 4 |
_aAntropología _zSierra Norte (Puebla) _927864 |
| 902 | _aGRL | ||
| 942 |
_2lcc _cB |
||
| 999 |
_c10589 _d10589 |
||